| 000 | 00551cam a2200205 i 4500 | ||
|---|---|---|---|
| 001 | 34522 | ||
| 005 | 20230410132940.0 | ||
| 008 | 070117b1961 ag a 000 0 spa | ||
| 041 | 0 | _aspa | |
| 050 | 1 | 4 |
_aB 29 _bR763q 1961 |
| 100 | 1 |
_aRomero, Francisco, _d1891-1962 |
|
| 245 | 0 | 0 |
_aQué es la filosofía / _cFrancisco Romero |
| 250 | _a5a ed. | ||
| 260 |
_aBuenos Aires : _bEditorial Columba, _c1961 |
||
| 300 |
_a62 p. : _bill. ; _c21 cm. |
||
| 440 | 0 |
_aColección Esquemas; _v1 |
|
| 650 | 0 | _aPhilosophy. | |
| 650 | 4 | _aFilosofía | |
| 942 |
_2lcc _cbk |
||
| 999 |
_c90714 _d90714 |
||